| 000 | 00000nam 2200000zi 4500 |
| 001 | 9.922053 |
| 003 | CaOODSP |
| 005 | 20250218144407 |
| 006 | m o d f |
| 007 | cr |n||||||||| |
| 008 | 230428t20232023oncd ob f000 0 eng d |
| 040 | |aCaOODSP|beng|erda|cCaOODSP |
| 041 | |aeng|beng|bfre |
| 043 | |an-cn--- |
| 086 | 1 |aFB3-6/2023-9E-PDF |
| 100 | 1 |aFernandes, Joshua, |eauthor. |
| 245 | 12|aA review of the Bank of Canada’s support of key financial markets during the COVID-19 crisis / |cby Joshua Fernandes and Michael Mueller. |
| 264 | 1|aOttawa, Ontario, Canada : |bBank of Canada = Banque du Canada, |c2023. |
| 264 | 4|c©2023 |
| 300 | |a1 online resource (ii, 15 pages) : |bcharts. |
| 336 | |atext|btxt|2rdacontent |
| 337 | |acomputer|bc|2rdamedia |
| 338 | |aonline resource|bcr|2rdacarrier |
| 490 | 1 |aStaff discussion paper = |aDocument d'analyse du personnel, |x1914-0568 ; |v2023-9 |
| 500 | |a"Last updated: April 27, 2023." |
| 504 | |aIncludes bibliographical references (page 15). |
| 520 | |a"The COVID-19 pandemic placed unprecedented strain on the global financial system. We describe how the Bank of Canada responded to the rapidly deteriorating liquidity in core Canadian fixed-income markets"--Abstract. |
| 546 | |aIncludes abstract in French. |
| 610 | 20|aBank of Canada. |
| 610 | 26|aBanque du Canada. |
| 650 | 0|aCOVID-19 Pandemic, 2020-2023|xEconomic aspects|zCanada. |
| 650 | 0|aBanks and banking|zCanada. |
| 650 | 0|aFinance|zCanada. |
| 650 | 6|aPandémie de COVID-19, 2020-2023|xAspect économique|zCanada. |
| 650 | 6|aBanques|zCanada. |
| 650 | 6|aFinances|zCanada. |
| 710 | 2 |aBank of Canada, |eissuing body. |
| 830 | #0|aStaff discussion paper (Bank of Canada)|v2023-9.|w(CaOODSP)9.806273 |
| 856 | 40|qPDF|s680 KB|uhttps://publications.gc.ca/collections/collection_2023/banque-bank-canada/FB3-6-2023-9-eng.pdf |